000
00208nam a22000857a 4500
008
160713b xxu||||| |||| 00| 0 eng d
100
_9
2751
_a
BPI India
245
_a
The Clever Crow
260
_a
New Delhi
_b
BPI
_c
2011
999
_c
2389
_d
2389